Les Pokémon de couleur Bleue - Statistiques

Statistiques générales
  • Ce quiz a été pris 9 fois
  • Le résultat moyen est 173 sur 211
Statistiques - réponses
Nom % Correct
0160 Aligatueur
100%
0658 Amphinobi
100%
0144 Artikodin
100%
0184 Azumarill
100%
0298 Azurill
100%
0008 Carabaffe
100%
0007 Carapuce
100%
0503 Clamiral
100%
0503 Clamiral de Hisui
100%
0638 Cobaltium
100%
0657 Croâporal
100%
0159 Crocrodil
100%
0483 Dialga Forme Originelle
100%
0259 Flobio
100%
0258 Gobou
100%
0656 Grenousse
100%
0158 Kaiminus
100%
0539 Karaclée
100%
0382 Kyogre
100%
0260 Laggron
100%
0171 Lanturn
100%
0130 Léviator
100%
0818 Lézargus
100%
0170 Loupio
100%
0195 Maraiste
100%
0183 Marill
100%
0502 Mateloutre
100%
0307 Méditikka
100%
0160 Méga-Aligatueur
100%
0260 Méga-Laggron
100%
0130 Méga-Léviator
100%
0009 Méga-Tortank
100%
0501 Moustillon
100%
0031 Nidoqueen
100%
0029 Nidoran♀
100%
0030 Nidorina
100%
0360 Okéoké
100%
0395 Pingoléon
100%
0382 Primo-Kyogre
100%
0394 Prinplouf
100%
0202 Qulbutoké
100%
0378 Regice
100%
0245 Suicune
100%
0393 Tiplouf
100%
0009 Tortank
100%
0055 Akwakwak
80%
0334 Altaria
80%
0698 Amagara
80%
0139 Amonistar
80%
0138 Amonita
80%
0134 Aquali
80%
0283 Arakdo
80%
0817 Arrozard
80%
0194 Axoloto
80%
0458 Babimanta
80%
0340 Barbicha
80%
0536 Batracné
80%
0822 Bleuseille
80%
0465 Bouldeneu
80%
0295 Brouhabam
80%
0588 Carabing
80%
0564 Carapagos
80%
0445 Carchacrok
80%
0444 Carmache
80%
0409 Charkos
80%
0869 Charmilly Lait Menthe
80%
0527 Chovsourir
80%
0454 Coatox
80%
0912 Coiffeton
80%
0366 Coquiperl
80%
0789 Cosmog
80%
0790 Cosmovum
80%
0189 Cotovol
80%
0580 Couaneton
80%
0453 Cradopaud
80%
0537 Crapustule
80%
0482 Créfadet
80%
0555 Darumacho Mode Transe
80%
0634 Diamat
80%
0775 Dodoala
80%
0371 Draby
80%
0148 Draco
80%
0699 Dragmara
80%
0373 Drattak
80%
0456 Écayon
80%
0358 Éoko
80%
0038 Feunard d’Alola
80%
0692 Flingouste
80%
0515 Flotajou
80%
0516 Flotoutan
80%
0746 Froussardine
80%
0642 Fulguris
80%
0693 Gamblast
80%
0525 Géolithe
80%
0526 Gigalithe
80%
0471 Givrali
80%
0712 Grelaçon
80%
0443 Griknot
80%
0277 Hélédelle
80%
0117 Hypocéan
80%
0230 Hyporoi
80%
0116 Hypotrempe
80%
0365 Kaimorse
80%
0408 Kranidos
80%
0603 Lampéroie
80%
0816 Larméléon
80%
0824 Larvadar
80%
0381 Latios
80%
0605 Lewsor
80%
0403 Lixy
80%
0131 Lokhlass
80%
0738 Lucanon
80%
0448 Lucario
80%
0457 Luminéon
80%
0404 Luxio
80%
0405 Luxray
80%
0490 Manaphy
80%
0284 Maskadra
80%
0334 Méga-Altaria
80%
0445 Méga-Carchacrok
80%
0445 Méga-Carchacrok Z
80%
0373 Méga-Drattak
80%
0358 Méga-Éoko
80%
0448 Méga-Lucario
80%
0376 Méga-Métalosse
80%
0604 Méga-Ohmassacre
80%
0565 Mégapagos
80%
0214 Méga-Scarhino
80%
0687 Méga-Sepiatroce
80%
0319 Méga-Sharpedo
80%
0376 Métalosse
80%
0375 Métang
80%
0774 Météno Noyau Bleu
80%
0774 Météno Noyau Indigo
80%
0052 Miaouss d’Alola
80%
0147 Minidraco
80%
0821 Minisange
80%
0678 Mistigrix Mâle
80%
0351 Morphéo Forme Eau de Pluie
80%
0043 Mystherbe
80%
0800 Necrozma Ailes de l’Aurore
80%
0845 Nigosier
80%
0276 Nirondelle
80%
0524 Nodulithe
80%
0363 Obalie
80%
0604 Ohmassacre
80%
0730 Oratoria
80%
0044 Ortide
80%
0728 Otaquin
80%
0729 Otarlette
80%
0914 Palmaval
80%
0053 Persian d’Alola
80%
0489 Phione
80%
0364 Phogleur
80%
0748 Prédastérie
80%
0666 Prismillon Motif Banquise
80%
0666 Prismillon Motif Glace
80%
0666 Prismillon Motif Rivage
80%
0060 Ptitard
80%
0294 Ramboum
80%
0528 Rhinolove
80%
0447 Riolu
80%
0028 Sablaireau d’Alola
80%
0422 Sancoki Mer Orient
80%
0114 Saquedeneu
80%
0214 Scarhino
80%
0686 Sepiatop
80%
0687 Sepiatroce
80%
0713 Séracrawl
80%
0713 Séracrawl de Hisui
80%
0367 Serpang
80%
0319 Sharpedo
80%
0633 Solochi
80%
0062 Tartard
80%
0072 Tentacool
80%
0073 Tentacruel
80%
0374 Terhal
80%
0061 Têtarte
80%
0635 Trioxhydre
80%
0535 Tritonde
80%
0423 Tritosor Mer Orient
80%
0333 Tylton
80%
0747 Vorastérie
80%
0320 Wailmer
80%
0321 Wailord
80%
0716 Xerneas
80%
0888 Zacian
80%
0875 Bekaglaçon
60%
0913 Canarbello
60%
1023 Chef-de-Fer
60%
0997 Cryodo
60%
0963 Dofin
60%
0903 Farfurex
60%
0970 Floréclat
60%
0881 Galvagla
60%
0969 Germéclat
60%
0998 Glaivodo
60%
0615 Hexagel
60%
0883 Hydragla
60%
0853 Krakos
60%
0970 Méga-Floréclat
60%
0998 Méga-Glaivodo
60%
1017 Ogerpon masque du Puits
60%
0977 Oyacata
60%
0231 Phanpy
60%
1005 Rugit-Lune
60%
1009 Serpente-Eau
60%
0964 Superdofin
60%
0931 Tapatoès Plumage Bleu
60%
1024 Terapagos
60%
0993 Têtes-de-Fer
60%
Aucun quiz correspondant
Distribution des résultats
% des personnes avec chaque résultat
Percentile par nombre de réponses
Votre historique - résultats
Vous n’avez pas pris ce quiz